LEADER 01439nam a2200373 a 4500 001 000000123593 003 CaOOAMICUS 005 20101028125523.0 008 101028t2002 it u000 u ita r 020 $a88-424-9721-5 040 $aPUL$bita 082 04$a302.23 100 1 $aGrassi, Carlo.$0(OLS)http://pul/name/77867 245 10$aSociologia della comunicazione /$cCarlo Grassi. 260 $aMilano :$bBruno Mondadori,$c©2002. 300 $a297 p. ;$c24 cm 490 1 $aCampus 504 $aInclude riferimenti bibliografici. 650 4$aComunicazione$xStudi.$0(OLS)http://pul/subject/5409 650 4$aMass media$xAspetti sociali.$0(OLS)http://pul/subject/36496 650 4$aSociologia.$0(OLS)http://pul/subject/2611 830 0$aCampus (B. Mondadori).$0(OLS)http://pul/title/105129 850 $aPUL 852 $aPUL$W1$xSL Diritto e Scienze Sociali 3$y79$m302. 23 GRACA 1$j142266$qDDC 21$B141243$CPULBib$Z2$F141243 $H114892 $82 941 1 $a9 960 $aSociology$92611 960 $aSociology$92611 960 $aScienze sociali$92611 960 $aScienze sociali$92611 996 $6020$a88-424-9721-5$9(OLS)http://pul/number/145771 996 $6082$a302.23$9(OLS)http://pul/classification/1682 996 $6245$aSociologia della comunicazione$9(OLS)http://pul/title/144031 996 $6260$aMilano :$bBruno Mondadori$9(OLS)http://pul/publisher/60338 LEADER 00937nam a2200241 u 4500 001 000000086548 003 CaOOAMICUS 005 20250703162452.0 008 050930s1959 it u000 u ita u 035 $a11061048 040 $aPUL(R)$bita 041 1 $aita$hfre 100 1 $aChateaubriand, François-René,$cvicomte de,$d1768-1848.$0(OLS)http://pul/name/10950 245 10$aCongedo dal mondo /$cRené de Chateaubriand ; trad. di Mario Picchi. 260 $aBrescia :$bMorcelliana,$c1959. 300 $a44 p. ;$c19 cm 700 1 $aPicchi, Mario,$d1927-1996.$0(OLS)http://pul/name/114452 850 $aPUL 852 $aPUL$W1$xDP1 Fondo Cecchetti$y53$m294 D 24$j109886$nBK-PRI$b $qFondi$B109886$CPULBib$Z2$F109886 $HPUL3725 $81 941 1 $a1 996 $6245$aCongedo dal mondo$9(OLS)http://pul/title/112119 996 $6260$aBrescia :$bMorcelliana$9(OLS)http://pul/publisher/47854